Communication costs and the internal organisation of multi-plant businesses: (Record no. 506543)

000 -LEADER
fixed length control field 00515nam a2200157Ia 4500
008 - FIXED-LENGTH DATA ELEMENTS--GENERAL INFORMATION
fixed length control field 181130s2018 xx 000 0 und d
100 ## - MAIN ENTRY--PERSONAL NAME
Personal name Charnoz, Pauline
245 ## - TITLE STATEMENT
Title Communication costs and the internal organisation of multi-plant businesses:
Remainder of title evidence from the impact of the French high-speed rail
260 ## - PUBLICATION, DISTRIBUTION, ETC.
Date of publication, distribution, etc. 2018
300 ## - PHYSICAL DESCRIPTION
Extent p.949-994.
504 ## - BIBLIOGRAPHY, ETC. NOTE
-- May
650 ## - SUBJECT ADDED ENTRY--TOPICAL TERM
Topical term or geographic name entry element Railways - France
700 ## - ADDED ENTRY--PERSONAL NAME
Personal name Lelarge, Claire and Trevien, Corentin
773 ## - HOST ITEM ENTRY
Main entry heading Economic Journal
906 ## - LOCAL DATA ELEMENT F, LDF (RLIN)
a Railways - France
Holdings
Withdrawn status Lost status Damaged status Not for loan Permanent Location Current Location Date acquired Serial Enumeration / chronology Barcode Date last seen Price effective from Koha item type
        Indian Institute of Public Administration Indian Institute of Public Administration 2018-12-07 128(610), May, 2018: p.949-994. AR118338 2018-12-07 2018-12-07 Articles

Powered by Koha